| 000 | 00453nam a2200133Ia 4500 | ||
|---|---|---|---|
| 008 | 220217s9999||||xx |||||||||||||| ||und|| | ||
| 020 | _a978-81-8404-510-9 | ||
| 082 | _a004.65 MON | ||
| 100 |
_aMonson, Philip. Leigh, Aibert. Kumar, Dileep. Ahtiainen, Lla _95670 |
||
| 245 | 0 | _aIBM websphare application server v6.1 on the solaries 10 ope | |
| 260 |
_aShroff publishers and dist.Pvt. _bMumbai _c2008 |
||
| 300 | _b600 | ||
| 650 | _aCOMPUTER NETWORK | ||
| 999 |
_c176741 _d176741 |
||